000
00220 a2200085 4500
020
_a
9783836544375
100
_a
Neil Jackson
245
_a
Pierre Koenig 1925-2004: Living With Steel
260
_b
Taschen America Llc
_c
2017
999
_c
13381
_d
13381